000 00484nam a2200193Ia 4500
005 20230916091722.0
008 131103s9999 xx 000 0 und d
020 _a909706018
040 _aLoreto College
041 _aEnglish
082 _a919.4
_bWIS
100 _aWisewould,Gweneth
245 _aOutpost
_b a doctor on the divine
_cGweneth Wisewould
260 _aLondon
_bLPC
_c1971
300 _a191 p.
650 _aAustralia - Geography
850 _aLCLIB
942 _cBK
999 _c3713
_d54192